Electrical Installation Practice: 2nd year (Record no. 66100)

MARC details
000 -LEADER
fixed length control field 00502nam a22001697a 4500
003 - CONTROL NUMBER IDENTIFIER
control field PK-NaQUE
005 - DATE AND TIME OF LATEST TRANSACTION
control field 20260602130248.0
008 - FIXED-LENGTH DATA ELEMENTS--GENERAL INFORMATION
fixed length control field 260602b |||||||| |||| 00| 0 eng d
020 ## - INTERNATIONAL STANDARD BOOK NUMBER
International Standard Book Number 0713131667
040 ## - CATALOGING SOURCE
Transcribing agency QUEST
100 ## - MAIN ENTRY--PERSONAL NAME
Personal name Miller, Henry A.
9 (RLIN) 304
245 ## - TITLE STATEMENT
Title Electrical Installation Practice: 2nd year
260 ## - PUBLICATION, DISTRIBUTION, ETC. (IMPRINT)
Name of publisher, distributor, etc Hodder & Stoughton Educational
Date of publication, distribution, etc 1969.
650 ## - SUBJECT ADDED ENTRY--TOPICAL TERM
Topical term or geographic name as entry element Electrical Engineering
9 (RLIN) 2
856 ## - ELECTRONIC LOCATION AND ACCESS
Uniform Resource Identifier <a href="http://10.10.170.122:8080/browse/book/29784">http://10.10.170.122:8080/browse/book/29784</a>
Link text Download eBook
942 ## - ADDED ENTRY ELEMENTS (KOHA)
Koha item type Books
Source of classification or shelving scheme Dewey Decimal Classification
Holdings
Withdrawn status Lost status Source of classification or shelving scheme Damaged status Not for loan Home library Current library Date acquired Total Checkouts Full call number Barcode Date last seen Price effective from Koha item type
    Dewey Decimal Classification     Central Library, QUEST, Nawabshah Central Library, QUEST, Nawabshah 16/12/2019   621.31924MIL 2171 16/12/2019 16/12/2019 Books